01073 2200229 4500001002100000005001500021007000300036008004100039020002300080035002000103082001000123084001600133100004200149245011600191250001100307260006500318300005700383520031700440600002900757700002100786700003600807INLIS00000000000230320260304081209ta260304 j 1 ind  a978--623-150-122-6 a0010-0326000014 a741.5 a741.5 SAB k0 aSabian Zere Anagya, dkk ( Pengarang )1 aMisteri hp jadul :bkomik next g /cSabian Zere Anagya, dkk ; editor, Indha, dkk ; penyunting, Wiwit Wijiastuti a-Cet.I aBandung :bMuffin Granphics ( PT Cerita Anak Bangsa ),c2024 a88 hlm :bilust, berganbarn, hitam putih ;c21 cme- aMama sudah mengingatkan Sabian untuk tidak menyentuh barang antik yang ada di rumah kakek. Meski begitu, Sabian penasaran ketika mendengar dering dari HP jadul milik kakek. Bukannya HP-nya sudah lama mati? Dan ketika diangkat, Sabian merasa ada yang aneh dengan sekelilingnya. Apa yang sebenarnya dialami Sabian? 4aKomik - bacaan anak-anak0 aIndha ( Editor )0 aWiwit Wijiastuti ( Penyunting )